Online
Catalog

El profeta. Ninfas del valle. Arena y espuma / (Record no. 35199)

MARC details
000 -CABECERA
campo de control de longitud fija 01128nam a2200301 a 4500
001 - NÚMERO DE CONTROL
campo de control 000035708
005 - FECHA Y HORA DE LA ÚLTIMA TRANSACCIÓN
campo de control 20200930074541.0
008 - DATOS DE LONGITUD FIJA--INFORMACIÓN GENERAL
campo de control de longitud fija 111109s1983 sp 000 1 spa d
020 ## - NÚMERO INTERNACIONAL ESTÁNDAR DEL LIBRO
Número Internacional Estándar del Libro 8471669226
040 ## - FUENTE DE LA CATALOGACIÓN
Centro catalogador/agencia de origen DO-SdBNP
Lengua de catalogación spa
Centro/agencia transcriptor BNPHU
041 17 - CÓDIGO DE LENGUA
Código de lengua del texto/banda sonora o título independiente spa
Código de lengua original eng
100 1# - ENTRADA PRINCIPAL--NOMBRE DE PERSONA
Nombre de persona Gibrán, Gibrán Jalil,
Fechas asociadas al nombre 1883-1931
9 (RLIN) 61633
245 13 - MENCIÓN DE TÍTULO
Título El profeta. Ninfas del valle. Arena y espuma /
Mención de responsabilidad, etc. Gibrán Jalil Gibrán ; traducción y prólogo de Mauro Armiño.
260 ## - PUBLICACIÓN, DISTRIBUCIÓN, ETC.
Lugar de publicación, distribución, etc. Madrid :
Nombre del editor, distribuidor, etc. EDAF,
Fecha de publicación, distribución, etc. 1983.
300 ## - DESCRIPCIÓN FÍSICA
Extensión 201 p. ;
Dimensiones 18 cm.
490 0# - MENCIÓN DE SERIE
Mención de serie Biblioteca EDAF ;
Designación de volumen o secuencia 155
505 0# - NOTA DE CONTENIDO CON FORMATO
Nota de contenido con formato Índice:
Título Cronología. --
-- El profeta. --
-- Ninfas del valle. --
-- Arena y espuma.
600 14 - PUNTO DE ACCESO ADICIONAL DE MATERIA--NOMBRE DE PERSONA
Nombre de persona Gibrán, Gibrán Jalil,
Fechas asociadas al nombre 1883-1931.
Título de la obra Ninfas del valle
9 (RLIN) 61634
600 14 - PUNTO DE ACCESO ADICIONAL DE MATERIA--NOMBRE DE PERSONA
Nombre de persona Gibrán, Gibrán Jalil,
Fechas asociadas al nombre 1883-1931.
Título de la obra Arena y espuma
9 (RLIN) 61635
650 24 - PUNTO DE ACCESO ADICIONAL DE MATERIA--TÉRMINO DE MATERIA
Término de materia o nombre geográfico como elemento de entrada Literatura libanesa
9 (RLIN) 27514
650 24 - PUNTO DE ACCESO ADICIONAL DE MATERIA--TÉRMINO DE MATERIA
Término de materia o nombre geográfico como elemento de entrada Narrativa libanesa
9 (RLIN) 61636
650 24 - PUNTO DE ACCESO ADICIONAL DE MATERIA--TÉRMINO DE MATERIA
Término de materia o nombre geográfico como elemento de entrada Filosofía libanesa
9 (RLIN) 49575
650 24 - PUNTO DE ACCESO ADICIONAL DE MATERIA--TÉRMINO DE MATERIA
Término de materia o nombre geográfico como elemento de entrada Misticismo en la literatura
9 (RLIN) 8754
700 1# - PUNTO DE ACCESO ADICIONAL--NOMBRE DE PERSONA
Nombre de persona Armiño, Mauro,
Término indicativo de función/relación trad.
9 (RLIN) 13314
740 0# - PUNTO DE ACCESO ADICIONAL--TÍTULO RELACIONADO O ANALÍTICO NO CONTROLADO
Título relacionado o analítico no controlado Ninfas del valle
740 0# - PUNTO DE ACCESO ADICIONAL--TÍTULO RELACIONADO O ANALÍTICO NO CONTROLADO
Título relacionado o analítico no controlado Arena y espuma
830 #0 - PUNTO DE ACCESO ADICIONAL DE SERIE-TÍTULO UNIFORME
Título uniforme Biblioteca EDAF ;
Designación de volumen o secuencia 155
9 (RLIN) 6779
Holdings
Estado de retiro Estado de pérdida Restricciones de uso No para préstamo Código de colección Localización permanente Ubicación/localización actual Ubicación en estantería Fecha de adquisición Número de inventario Total de préstamos Signatura topográfica completa Código de barras Fecha visto por última vez Precio válido a partir de Tipo de ítem Koha Nota pública
        Monografías: Libros y Folletos General General Orden iniciada 09.11.2011 LF1   35708-10 25.06.2020 25.06.2020 No se presta Biblioteca Juan Isidro Jiménes Grullón

Powered by Koha